000 00524cam a2200205 4500
001 D8618
008 090401t1985 xxu||||| |||| 00| 0 eng d
020 _a0333368592
035 _a(Sirsi) u14160
041 _aeng
050 _a690.2
100 _aSeeley, Ivor Hugh
245 _aBuilding surveys,reports and dilapidations
260 _aBasingstoke
_bMacMillan
_c1985
300 _aviii. 254p. ill. 23cm
350 _a8.95
490 _aMacmillan Building and Surveying Series
942 _n0
948 _c04/03/1997
999 _c87151
_d87151